Statistiques concernant đź“–đź’¬ Paroles "La Colombe et la Fourmi" la Fontaine

Cliquez ici pour prendre le quiz!

Statistiques générales

  • Ce quiz a Ă©tĂ© pris 23 fois
  • Le rĂ©sultat moyen est 82 sur 156

Statistiques - réponses

Mots% Correct
Ă 
100%
Colombe,
100%
Colombe
100%
d'
100%
Fourmi
100%
L'
100%
l'
100%
lĂ -
100%
La
100%
la
100%
le
100%
Le
100%
de
89%
Dès
89%
Elle
89%
elle
89%
et
89%
Et
89%
s'
89%
S'
89%
Ce
78%
dans
78%
du
78%
en
78%
les
78%
qu'
78%
qui
78%
est
67%
Il
67%
il
67%
mais
67%
se
67%
VĂ©nus
67%
au
56%
un
56%
Un
56%
une
56%
y
56%
avec
44%
cet
44%
dessus
44%
mon
44%
nus.
44%
Oiseau
44%
on
44%
par
44%
plus
44%
pour
44%
Quand
44%
son
44%
autre
33%
avait
33%
brin
33%
buvait
33%
eau
33%
envole :
33%
fut
33%
lui
33%
oĂą
33%
pieds
33%
ruisseau
33%
sur
33%
voit
33%
animaux
22%
clair
22%
eût
22%
fait
22%
herbe
22%
jeté,
22%
long
22%
long.
22%
marchait
22%
Passe
22%
petits.
22%
pigeon
22%
Point
22%
sauve ;
22%
apprĂŞte,
11%
arbalète.
11%
arrive.
11%
certain
11%
charité :
11%
croit
11%
Croquant,
11%
Croquant
11%
déjà
11%
efforcer,
11%
entend,
11%
Ă©tant
11%
exemple
11%
fĂŞte.
11%
hasard,
11%
obole.
11%
océan
11%
part,
11%
penchant
11%
pique
11%
pot,
11%
promontoire
11%
regagner
11%
rive.
11%
soupé
11%
talon.
11%
Tandis
11%
tĂŞte :
11%
tire
11%
tiré
11%
tombe.
11%
tuer
11%
vain,
11%
Vilain
11%
Villageois
11%
vu
11%
aussitĂ´t
0%
retourne
0%
usa
0%

Distribution des résultats

Percentile par nombre de réponses

% des personnes avec chaque résultat

Votre développement - résultats

Vous n’avez pas pris ce quiz